000 00320nam a2200109 4500
999 _c13560
_d13560
008 190328b ||||| |||| 00| 0 eng d
245 _aPrivacy breach at center of pregnancy test probe.
260 _aPhilippines
_bPhilippine Daily Inquirer
_cc2018
300 _apage A8.
650 0 _937847
_aPregnancy.
942 _2ddc
_cPER